Control de la reproducción en el conejo /
Guardado en:
| Autor Principal: | |
|---|---|
| Otros Autores: | |
| Formato: | Libro |
| Publicado: |
Madrid :
Mundi Prensa,
1993
|
| Materias: | |
| Etiquetas: |
Agregar Etiqueta
Sin Etiquetas, Sea el primero en etiquetar este registro!
|
| LEADER | 00984nam a22002415a 4500 | ||
|---|---|---|---|
| 001 | CEM.cems016836 | ||
| 005 | 20090904173640.0 | ||
| 008 | 130507s1993##################000#0#####d | ||
| 003 | CEMS | ||
| 020 | |a 8471144484 | ||
| 082 | 0 | 4 | |a 636.9 |
| 100 | 1 | |a Alvariño, Mario R. | |
| 245 | 1 | 0 | |a Control de la reproducción en el conejo / |c Mario R. Alvariño |
| 260 | |a Madrid : |b Mundi Prensa, |c 1993 | ||
| 300 | |a 137 p. | ||
| 505 | 0 | |a Aparato reproductor / M. R. Alvariño -- Fisiología de la reproducción en el conejo macho / P. G. Rebollar -- Fisiología de la reproducción en la hembra / M. R. Alvariño y E. Ubilla -- Inducción de celo y ovulación/ P. G. Rebollar y M. R. Alvariño -- Inseminación artificial / P. G. Rebollar | |
| 653 | |a Conejos | ||
| 653 | |a Conejos-alojamiento | ||
| 653 | |a Conejos-alimentación | ||
| 653 | |a Cunicultura | ||
| 653 | |a Conejos-inseminación artificial | ||
| 700 | 1 | |a Rebollar, P. G. | |
| 859 | |a CEMS |b BIB. CEMS - Agricultura |h 636.9 |i A76 |p A19315.97 |t Ej.1 | ||
